Bialowieza Forest National Park Wildlife - Statistics

General Stats
  • This quiz has been taken 18 times
  • The average score is 43 of 84
Answer Stats
Picture Answer % Correct
Grey Wolf
100%
Elk
90%
European Mole
90%
Red Fox
90%
Adder
80%
Brown Bear
80%
Eurasian Beaver
80%
Eurasian Lynx
80%
Eurasian Otter
80%
Eurasian Red Squirrel
80%
European Badger
80%
European Bison
80%
European Wildcat
80%
Least Weasel
80%
Red Deer
80%
Western Roe Deer
80%
Brown Hare
70%
Common Crane
70%
Eurasian Eagle Owl
70%
Eurasian Goshawk
70%
Eurasian Pine Marten
70%
European Water Vole
70%
Grass Snake
70%
Wild Boar
70%
Black Stork
60%
Black Woodpecker
60%
Bohemian Waxwing
60%
Eurasian Blue Tit
60%
Eurasian Bullfinch
60%
Eurasian Nightjar
60%
Eurasian Nuthatch
60%
Eurasian Sparrowhawk
60%
European Polecat
60%
Great Grey Owl
60%
Grey Heron
60%
Mountain Hare
60%
Northern Pike
60%
Stoat
60%
White Stork
60%
White Tailed Eagle
60%
Common Frog
50%
Eastern Slow Worm
50%
Eurasian Golden Oriole
50%
European Hedgehog
50%
European Toad
50%
European Tree Frog
50%
Hawfinch
50%
Red Backed Shrike
50%
Whooper Swan
50%
Beech Marten
40%
Common Spadefoot Toad
40%
Edible Frog
40%
Eurasian Harvest Mouse
40%
Eurasian Nutcracker
40%
Eurasian Water Shrew
40%
European Fire Bellied Toad
40%
European Green Toad
40%
European Pond Turtle
40%
Golden Jackal
40%
Great Crested Newt
40%
Greater White Fronted Goose
40%
Great Reed Warbler
40%
Moor Frog
40%
Wood Mouse
40%
Eurasian Siskin
30%
European Edible Dormouse
30%
Hazel Grouse
30%
Viviparous Lizard
30%
Bank Vole
20%
Common Reed Bunting
20%
Common Shrew
20%
Eurasian Pygmy Owl
20%
Eurasian Three Toed Woodpecker
20%
Lesser Spotted Eagle
20%
Pool Frog
20%
Red Breasted Flycatcher
20%
Sand Lizard
20%
Smooth Newt
20%
Smooth Snake
20%
White Backed Woodpecker
20%
Brown Long Eared Bat
10%
Collared Flycatcher
10%
Daubenton's Bat
10%
Western Barbastelle
10%
No matching quizzes found
Score Distribution
Percent of People with Each Score
Percentile by Number Answered
Your Score History
You have not taken this quiz